[Event "Chessable Masters Play-In"]
[Site "chess.com INT"]
[Date "2025.02.17"]
[Round "3"]
[White "Demidov, M."]
[Black "Van Wely, L."]
[Result "1-0"]
[WhiteElo "2549"]
[BlackElo "2612"]
[PlyCount "77"]
[EventDate "2025.02.17"]

1. Nf3 d5 2. g3 Bg4 3. Bg2 Nd7 4. h3 Bh5 5. O-O e6 6. d4 c6 7. c4 Ngf6 8. Nc3 ({RR} 8. cxd5 cxd5 9. Qb3 Qb6 10. Qxb6 Nxb6 11. g4 Bg6 12. Nc3 Bb4 13. Nb5 O-O 14. a3 Be7 15. Ne5 Be4 16. f3 Bc2 17. Bf4 a6 18. Nc3 Rfc8 19. Rf2 Na4 20. Nxa4 Bxa4 21. e4 Rd8 22. Be3 Rac8 {Vaishali,R (2484)-Munguntuul,B (2361) Pune IND 2025 1-0 (52)}) 8... dxc4 ({RR} 8... Be7 9. Ne5 O-O 10. g4 Bg6 11. Nxg6 hxg6 12. b3 a6 13. Qd3 Rc8 14. Rd1 b5 15. Bf4 bxc4 16. bxc4 Nb6 17. c5 Nc4 18. Rab1 Qa5 19. e4 Bd8 20. e5 Nd7 21. Ne4 Bc7 22. Nd6 Bxd6 23. exd6 {Eljanov,P (2711)-Malakhov,V (2686) Riadh 2017 ½-½ (72)}) 9. e4 Be7 $146 ({RR} 9... Bb4 10. Qe2 Qe7 11. e5 Nd5 12. Qxc4 N7b6 13. Qb3 Qd7 14. Ng5 Be7 15. Nge4 a5 16. Nc5 Bxc5 17. dxc5 a4 18. Qc2 Nb4 19. Qe4 N6d5 20. Qc4 Nxc3 21. bxc3 Nd3 22. g4 Bg6 23. Rd1 Nxe5 24. Rxd7 {Sjugirov,S (2657)-Subelj,J (2398) Ulcinj 2019 1-0 (38)}) 10. Qe2 b5 11. g4 Bg6 12. Ne5 Nxe5 13. dxe5 Nd7 14. f4 h5 15. g5 h4 16. Bf3 Nc5 17. Be3 Nd3 18. Rad1 Qc7 19. Bg4 Bh7 20. Rxd3 cxd3 21. Qxd3 Rd8 22. Qc2 b4 23. Nb5 Qb7 24. Nd6+ Bxd6 25. exd6 c5 26. g6 Bxg6 27. f5 exf5 28. exf5 Bh5 29. Bg5 f6 30. Bxh5+ Rxh5 31. Qe2+ Kd7 32. Qxh5 fxg5 33. Qxg5 Kc8 34. Rc1 Rxd6 35. Rxc5+ Kb8 36. Qe3 Qd7 37. Qe5 Kb7 38. Qe4+ Kb6 39. Qxb4+ 1-0

[Event "Chessable Masters Play-In"]
[Site "chess.com INT"]
[Date "2025.02.17"]
[Round "3"]
[White "Fressinet, L."]
[Black "Kobalia, M."]
[Result "1-0"]
[WhiteElo "2588"]
[BlackElo "2538"]
[PlyCount "107"]
[EventDate "2025.02.17"]

1. Nf3 d5 2. e3 Nf6 3. c4 c6 4. Nc3 Bg4 5. Qb3 Qb6 6. Ne5 Be6 7. d4 dxc4 8. Bxc4 Bxc4 9. Qxc4 e6 10. O-O Be7 11. e4 O-O 12. Be3 Qa6 13. f3 Rd8 14. Rfd1 $146 ({RR} 14. a3 Qxc4 15. Nxc4 b6 16. b4 Nbd7 17. Rfd1 Ne8 18. Bf4 Rac8 19. Rac1 Nf8 20. Rc2 Ng6 21. Be3 Nd6 22. Nxd6 Bxd6 23. Rdc1 Ne7 24. Ne2 f6 25. g4 Kf7 26. h4 Ra8 27. Bd2 e5 28. dxe5 Bxe5 {Ibragimov,I (2578)-Berg,K (2316) Ronne 2001 1-0 (48)}) 14... Nfd7 15. Qxa6 Nxa6 16. Nc4 b6 17. Rac1 Rac8 18. a3 Nc7 19. Bf4 Ne8 20. Kf1 h6 21. Ke2 Bg5 22. Bxg5 hxg5 23. e5 c5 24. d5 exd5 25. Nxd5 Kf8 26. a4 Nb8 27. Nde3 Nc6 28. Nf5 Nd4+ 29. Nxd4 cxd4 30. Kd3 Rc5 31. b4 Rcd5 32. g3 b5 33. Na5 Rxe5 34. Nc6 Re3+ 35. Kd2 Rd5 36. axb5 Rxf3 37. Rc5 Rf2+ 38. Ke1 Rxc5 39. bxc5 Rc2 40. Nxa7 Rxc5 41. Rxd4 Rc7 42. b6 Rb7 43. Nc8 Rb8 44. Rd8 f5 45. Ke2 g4 46. Kf2 g6 47. Ke2 g5 48. Kf2 f4 49. Ke2 Rb7 50. Rxe8+ Kxe8 51. Nd6+ Kd7 52. Nxb7 Kc6 53. Nd8+ Kxb6 54. Ne6 1-0

[Event "Chessable Masters Play-In"]
[Site "chess.com INT"]
[Date "2025.02.17"]
[Round "4"]
[White "Samadov, Read"]
[Black "Dai, Changren"]
[Result "1-0"]
[WhiteElo "2501"]
[BlackElo "2527"]
[PlyCount "67"]
[EventDate "2025.02.17"]

1. Nf3 d5 2. g3 Bg4 3. Bg2 e6 4. O-O c6 5. h3 Bh5 6. d4 Nf6 7. c4 Nbd7 8. cxd5 exd5 9. Ne5 ({RR} 9. Qb3 Qb6 10. Qe3+ Be7 11. Nh4 Bg6 12. Nc3 Kf8 13. Nxg6+ hxg6 14. Qd3 Re8 15. Rb1 Kg8 16. b4 a6 17. Re1 Nf8 18. e4 dxe4 19. Nxe4 Nxe4 20. Rxe4 Qd8 21. Qe2 Rh5 22. Bf3 Rd5 23. Bb2 Rd6 {Vachier Lagrave,M (2758)-Kramnik,V (2777) Berlin 2015 ½-½ (63)}) 9... Ne4 10. Bxe4 dxe4 11. Nc3 Nxe5 $146 ({RR} 11... Be7 12. g4 Nxe5 13. dxe5 Bg6 14. Bf4 Qb6 15. Qb3 h5 16. Kg2 O-O-O 17. Rfd1 Rxd1 18. Rxd1 Qxb3 19. axb3 hxg4 20. hxg4 f6 21. Kg3 Rd8 22. Rh1 Kd7 23. exf6 Bxf6 24. g5 Be7 25. Ra1 a6 26. Ra4 {Svane,R (2615)-Kollars,D (2617) Magdeburg 2021 1-0 (50)}) ({RR} 11... Be7 12. g4 Nxe5 13. dxe5 Bg6 14. Bf4 Qb6 15. Qb3 h5 16. Kg2 O-O-O 17. Rfd1 Rxd1 18. Rxd1 Qxb3 19. axb3 hxg4 20. hxg4 f6 21. Kg3 Rd8 22. Rh1 Kd7 23. exf6 Bxf6 24. g5 Be7 25. Ra1 a6 26. Ra4 {Svane,R (2615)-Kollars,D (2617) Magdeburg 2021 1-0 (50)}) 12. dxe5 Qxd1 13. Rxd1 Be7 14. Be3 b6 15. Rd4 f5 16. exf6 Bxf6 17. Rxe4+ Kf7 18. Rf4 Bg6 19. Bd4 Rhd8 20. Rd1 c5 21. Bxf6 Rxd1+ 22. Nxd1 gxf6 23. Kf1 Rd8 24. Ke1 b5 25. Nc3 Bc2 26. e4 b4 27. Nd5 Bxe4 28. Nxf6 Bb1 29. Ne4+ Kg6 30. Nxc5 a5 31. a3 Rc8 32. axb4 axb4 33. Rc4 Bd3 34. Rg4+ 1-0

[Event "Chessable Masters Play-In"]
[Site "chess.com INT"]
[Date "2025.02.17"]
[Round "4"]
[White "Mendonca, Leon Luke"]
[Black "Van Foreest, Jorden"]
[Result "1-0"]
[WhiteElo "2641"]
[BlackElo "2688"]
[PlyCount "111"]
[EventDate "2025.02.17"]

1. Nf3 d5 2. e3 Nf6 3. c4 e6 4. d4 b6 5. b3 Bd6 6. Bd3 O-O 7. O-O Bb7 8. cxd5 exd5 9. Ba3 c5 10. Nc3 Nbd7 11. Rc1 a6 12. Bb2 Re8 13. Ne2 Ne4 14. Ng3 Nxg3 15. hxg3 Qe7 16. Nh4 $146 ({RR} 16. Rc2 Nf6 17. a4 Rac8 18. Qe2 a5 19. Bf5 Ra8 20. Rfc1 Ne4 21. Bxe4 dxe4 22. Nd2 Ba6 23. Nc4 cxd4 24. Bxd4 Bc5 25. Bb2 Qe6 26. Qh5 Bxc4 27. Rxc4 Rad8 28. Qg5 f6 29. Qh5 Rd5 30. Qe2 Red8 {Kovalenko,I (2700)-Riazantsev,A (2646) Berlin 2015 1-0 (63)}) 16... g6 17. Qe2 Nf6 18. Rfd1 Ne4 19. Nf3 h5 20. Ba1 Ng5 21. dxc5 bxc5 22. Qb2 d4 23. Nxg5 Qxg5 24. exd4 h4 25. dxc5 Be5 26. Qd2 Qxd2 27. Rxd2 Bxa1 28. Rxa1 hxg3 29. fxg3 Re3 30. Bc4 Bc6 31. Rf1 Be8 32. Rf3 Re5 33. b4 a5 34. a3 axb4 35. axb4 Re4 36. Rf4 Re1+ 37. Kf2 Rc1 38. b5 Kg7 39. c6 f5 40. c7 Bxb5 41. Bxb5 Rxc7 42. Rd7+ Rxd7 43. Bxd7 Ra2+ 44. Kg1 Kh6 45. Bc6 Kg5 46. Bf3 Ra1+ 47. Kh2 Ra7 48. Rc4 Rh7+ 49. Kg1 Ra7 50. g4 f4 51. Rc5+ Kh4 52. Kh2 g5 53. Rc8 Rh7 54. Be2 Rh6 55. Rc3 f3 56. Rxf3 1-0

[Event "Chessable Masters Play-In"]
[Site "chess.com INT"]
[Date "2025.02.17"]
[Round "5"]
[White "Aryan, C."]
[Black "Bartel, Mat"]
[Result "1-0"]
[WhiteElo "2620"]
[BlackElo "2629"]
[PlyCount "141"]
[EventDate "2025.02.17"]

1. Nf3 Nf6 2. g3 b5 3. Bg2 Bb7 4. O-O e6 5. d3 Be7 6. Nbd2 b4 $146 ({RR} 6... c5 7. e4 O-O 8. c3 Qb6 9. Re1 Nc6 10. a3 a5 11. e5 Ne8 12. Ne4 f6 13. d4 cxd4 14. cxd4 f5 15. Nc3 b4 16. Na4 Qd8 17. d5 exd5 18. Qxd5+ Kh8 19. Rd1 d6 20. exd6 Qxd6 21. Qb3 {Moennich,M-Lucena,L Brasilia 1969 1-0 (48)}) ({RR} 6... O-O 7. e4 d6 8. Re1 c5 9. c3 Nc6 10. Qc2 Rc8 11. a3 Nd7 12. b4 Bf6 13. Rb1 a5 14. bxc5 Nxc5 15. d4 Nd7 16. Qd3 b4 17. axb4 axb4 18. cxb4 Qb6 19. Nc4 Qb5 20. Bf1 Be7 21. Qd2 {Maksimovic,B (2482)-Andreikin,D (2729) chess.com INT 2023 1-0 (76)}) ({RR} 6... O-O 7. e4 d6 8. Re1 Nbd7 9. c3 c5 10. d4 cxd4 11. cxd4 Rc8 12. e5 dxe5 13. dxe5 Nd5 14. Nd4 Qb6 15. N2b3 Nc5 16. Qg4 Kh8 17. Bd2 b4 18. h4 a5 19. Bg5 Bxg5 20. hxg5 Nd3 21. Re4 {Asgharzadeh,M (2019)-Machankin,A (1739) Khanty-Mansiysk RUS 2024 1-0 (47)}) ({RR} 6... O-O 7. e4 d6 8. Qe2 c5 9. Rd1 Qc7 10. d4 cxd4 11. Nxd4 a6 12. a4 Nc6 13. N4b3 b4 14. a5 Rac8 15. Nf3 Rfe8 16. Be3 Ne5 17. Nxe5 dxe5 18. Rac1 Qc4 19. Qxc4 Rxc4 20. Nd2 Rc6 21. b3 {Kandil,A (2345)-Gunduz,U (2130) Mersin 2017 ½-½ (47)}) 7. e4 d6 8. Re1 c5 9. e5 dxe5 10. Nxe5 Bxg2 11. Kxg2 a5 12. a3 a4 13. Ndc4 O-O 14. Qf3 Nd5 15. h4 f6 16. Ng4 Nc6 17. Be3 h5 18. Nh2 Qe8 19. Qe2 Qf7 20. Nf3 Rfe8 21. Bd2 Bf8 22. Qe4 e5 23. c3 Red8 24. cxb4 cxb4 25. Rac1 bxa3 26. bxa3 Rab8 27. Ne3 Nxe3+ 28. Bxe3 Ne7 29. Bc5 Qd5 30. d4 Rbc8 31. Qxd5+ Rxd5 32. Bxe7 Rxc1 33. Rxc1 Bxe7 34. dxe5 fxe5 35. Rc7 Bd8 36. Rc8 Kh7 37. Nxe5 Be7 38. Nc4 Rd3 39. Ra8 Bxa3 40. Rxa4 Be7 41. Ra5 Kh6 42. Ne3 Bf6 43. Kf3 Kg6 44. Ke2 Rb3 45. Nd5 Rb2+ 46. Kf3 Rb3+ 47. Kg2 Kh6 48. Ra6 Kg6 49. Nf4+ Kh6 50. Ra8 g6 51. Rg8 Kh7 52. Rxg6 Be5 53. Rg5 Bxf4 54. gxf4 Kh6 55. f5 Rb4 56. Kg3 Rb1 57. Rg6+ Kh7 58. Kf4 Rb4+ 59. Kg5 Rg4+ 60. Kxh5 Rf4 61. Kg5 Rxf2 62. Ra6 Rg2+ 63. Kf6 Rb2 64. Ra7+ Kh6 65. Kf7 Rf2 66. f6 Kh7 67. Kf8+ Kh8 68. f7 Re2 69. Ra5 Kh7 70. Rh5+ Kg6 71. Kg8 1-0

[Event "Chessable Masters Play-In"]
[Site "chess.com INT"]
[Date "2025.02.17"]
[Round "5"]
[White "Svidler, P."]
[Black "Aravindh, Chithambaram VR."]
[Result "1-0"]
[WhiteElo "2696"]
[BlackElo "2729"]
[PlyCount "93"]
[EventDate "2025.02.17"]

1. Nf3 Nf6 2. g3 b6 3. Bg2 Bb7 4. d3 d5 5. O-O e6 6. e4 c5 7. e5 Nfd7 8. c4 d4 9. Re1 Be7 10. h4 Nc6 11. Bf4 ({RR} 11. a3 a6 12. Nbd2 Qc7 13. Ne4 Ncxe5 14. Nxe5 Nxe5 15. Bf4 f6 16. Qh5+ g6 17. Nxf6+ Bxf6 18. Bxe5 Bxe5 19. Qxe5 Qxe5 20. Rxe5 Bxg2 21. Kxg2 Kd7 22. h5 Raf8 23. Rae1 Rf6 24. f4 Rg8 25. b4 gxh5 {Amin,B (2680)-Saraci,N (2495) Chennai 2022 ½-½ (70)}) 11... h6 $146 ({RR} 11... Qc7 12. Nbd2 h6 13. Ne4 Qd8 14. Qd2 Nf8 15. h5 Nh7 16. a3 a5 17. b3 O-O 18. Rab1 Ra7 19. g4 Kh8 20. g5 hxg5 21. Nexg5 Bxg5 22. Nxg5 Ne7 23. Bxb7 Rxb7 24. Nxh7 Kxh7 25. Bg5 Qe8 26. Bxe7 {Dragojlovic,A (2400)-Goric,E (2388) Vinkovci 2008 ½-½ (45)}) 12. h5 g5 13. hxg6 fxg6 14. Na3 a6 15. Nc2 Qc7 16. b4 g5 17. Bd2 g4 18. Nh2 h5 19. bxc5 Nxc5 20. Bf4 O-O-O 21. Rb1 Rhg8 22. Na1 Bg5 23. Bxg5 Rxg5 24. Nb3 Na4 25. Nxd4 Nxd4 26. Qxa4 h4 27. Bxb7+ Qxb7 28. Re4 hxg3 29. fxg3 Nf5 30. Nf1 Rh5 31. Qb3 Nd4 32. Qxb6 Nf3+ 33. Kf2 Qxb6+ 34. Rxb6 Rxd3 35. Rxg4 Rxe5 36. Rg8+ Kc7 37. Rxa6 Nd4 38. Rg7+ Kb8 39. Kg2 Rd1 40. Rd6 Kc8 41. Kh3 Re2 42. c5 Ree1 43. Ra6 Kb8 44. c6 Nxc6 45. Rb6+ Kc8 46. Rxc6+ Kd8 47. Ra6 1-0

[Event "Chessable Masters Play-In"]
[Site "chess.com INT"]
[Date "2025.02.17"]
[Round "6"]
[White "Santos Latasa, J."]
[Black "Lagarde, Max"]
[Result "1-0"]
[WhiteElo "2631"]
[BlackElo "2604"]
[PlyCount "67"]
[EventDate "2025.02.17"]

1. Nf3 b6 2. e4 Bb7 3. Nc3 Nf6 4. e5 Nd5 5. Bc4 Nxc3 6. dxc3 e6 7. Bf4 d5 8. Bd3 h6 9. h4 $146 ({RR} 9. Qe2 Nd7 10. h4 Nc5 11. h5 Qd7 12. O-O-O a6 13. Kb1 b5 14. g4 O-O-O 15. Rhg1 Kb8 16. Be3 Na4 17. Qe1 c5 18. Be2 Qc7 19. Bc1 d4 20. cxd4 c4 21. Be3 c3 22. b3 Nb6 23. Bc1 Nd5 {Mekhitarian,K (2537)-Deac,B (2693) chess.com INT 2023 ½-½ (103)}) ({RR} 9. Qe2 Nd7 10. h4 Nc5 11. h5 Qd7 12. O-O-O a6 13. Kb1 b5 14. g4 O-O-O 15. Rhg1 Kb8 16. Be3 Na4 17. Qe1 c5 18. Be2 Qc7 19. Bc1 d4 20. cxd4 c4 21. Be3 c3 22. b3 Nb6 23. Bc1 Nd5 {Mekhitarian,K (2537)-Deac,B (2693) chess.com INT 2023 ½-½ (103)}) 9... Nd7 10. h5 Nc5 11. Bb5+ c6 12. Be2 Ba6 13. Bxa6 Nxa6 14. Qe2 Nc5 15. O-O-O b5 16. Nd4 Qa5 17. Kb1 Qa6 18. Rh3 Rb8 19. Bd2 Na4 20. f4 c5 21. Nf3 c4 22. Nd4 Rb6 23. Bc1 b4 24. cxb4 Bxb4 25. Ka1 O-O 26. f5 Rfb8 27. Qg4 Bf8 28. b3 Qa5 29. Bd2 c3 30. Bxh6 exf5 31. Nxf5 Rxb3 32. cxb3 Nc5 33. Nd4 Rxb3 34. Bxg7 1-0

[Event "Chessable Masters Play-In"]
[Site "chess.com INT"]
[Date "2025.02.17"]
[Round "6"]
[White "Dubov, Daniil"]
[Black "Ma Qun"]
[Result "1-0"]
[WhiteElo "2701"]
[BlackElo "2645"]
[PlyCount "95"]
[EventDate "2025.02.17"]

1. Nf3 Nf6 2. b3 d5 3. Bb2 Bf5 4. d3 e6 5. Nbd2 h6 6. g3 Bh7 ({RR} 6... Be7 7. e4 Bh7 8. Bg2 O-O 9. Qe2 c5 10. Ne5 Nbd7 11. f4 Rc8 12. O-O a6 13. exd5 Nxd5 14. a3 Nxe5 15. fxe5 b5 16. h4 Qc7 17. Kh2 Nb6 18. c4 Rcd8 19. Be4 bxc4 20. dxc4 Bxe4 21. Nxe4 {Fedoseev,V (2674)-Duda,J (2724) chess.com INT 2023 0-1 (41)}) ({RR} 6... Nbd7 7. Bg2 Bd6 8. O-O O-O 9. Re1 Bh7 10. e4 Be7 11. e5 Ne8 12. Nf1 c5 13. h4 b5 14. a4 bxa4 15. Rxa4 Nb6 16. Rg4 Bf5 17. Rf4 c4 18. bxc4 dxc4 19. Nd4 Bh7 20. Nc6 Qd7 21. Nxe7+ {Caruana,F (2803)-Khademi,M (2116) chess.com INT 2025 1-0 (38)}) 7. Bg2 a5 $146 ({RR} 7... Be7 8. O-O c5 9. Re1 Nc6 10. e4 Rc8 11. exd5 exd5 12. Ne5 Nxe5 13. Bxe5 O-O 14. Qf3 b6 15. Re2 Bg6 16. h3 Nd7 17. Rae1 Nxe5 18. Rxe5 Bf6 19. Rxd5 Qc7 20. Nc4 Rfe8 21. Rf1 Re6 22. h4 {De Souza,A (2113)-Blanco Ronquillo,H (2442) chess.com INT 2024 1-0}) ({RR} 7... Be7 8. O-O c5 9. Re1 Nc6 10. e4 Rc8 11. exd5 exd5 12. Ne5 Nxe5 13. Bxe5 O-O 14. Qf3 b6 15. Re2 Bg6 16. h3 Nd7 17. Rae1 Nxe5 18. Rxe5 Bf6 19. Rxd5 Qc7 20. Nc4 Rfe8 21. Rf1 Re6 22. h4 {De Souza,A (2113)-Blanco Ronquillo,H (2442) chess.com INT 2024 1-0}) 8. a3 Be7 9. O-O O-O 10. Re1 c5 11. e4 Nc6 12. exd5 Nxd5 13. Nc4 a4 14. Nce5 Nxe5 15. Nxe5 axb3 16. c4 Nb6 17. Qxb3 Qc7 18. a4 Rfb8 19. a5 Nc8 20. Bc3 f6 21. Ng4 Ra6 22. Rab1 Bf5 23. h3 Nd6 24. Qd1 b6 25. axb6 Raxb6 26. Rxb6 Qxb6 27. Ne3 Qb3 28. Qd2 Bg6 29. Ng4 Bf7 30. Ra1 h5 31. Ne3 Qb6 32. h4 Qc7 33. Bf3 Nf5 34. Ng2 e5 35. Qd1 g6 36. Be4 Qd7 37. Kh2 Rd8 38. Ba5 Rb8 39. Bd2 Nd4 40. Ne3 f5 41. Bg2 f4 42. Nd5 Rb2 43. Qe1 Qd6 44. gxf4 Bxh4 45. fxe5 Qe6 46. Qe3 Qf5 47. Ra8+ Kg7 48. Qh6# 1-0

[Event "Chessable Masters Play-In"]
[Site "chess.com INT"]
[Date "2025.02.17"]
[Round "6"]
[White "Fressinet, L."]
[Black "Sevian, Samuel"]
[Result "1-0"]
[WhiteElo "2588"]
[BlackElo "2692"]
[PlyCount "123"]
[EventDate "2025.02.17"]

1. Nf3 d5 2. e3 c5 3. b3 Nc6 4. Bb2 f6 5. d4 cxd4 6. exd4 Bg4 7. Be2 e6 8. O-O Bd6 9. c4 Nge7 10. Nc3 O-O 11. Re1 Kh8 12. h3 Bh5 13. Nb5 $146 ({RR} 13. Nh2 Bf7 14. a3 Qd7 15. c5 Bc7 16. b4 e5 17. dxe5 fxe5 18. f4 exf4 19. Nb5 Rae8 20. Bg4 Qd8 21. Nd4 Ne5 22. Ne6 Bxe6 23. Bxe5 Bxe5 24. Rxe5 Nf5 25. Qd3 Qf6 26. Rae1 Ne3 27. Rxe6 Rxe6 {Arauz Alonso,F (2199)-Szpar,M (2477) chess.com INT 2024 0-1 (45)}) ({RR} 13. Nh2 Bf7 14. a3 Qd7 15. c5 Bc7 16. b4 e5 17. dxe5 fxe5 18. f4 exf4 19. Nb5 Rae8 20. Bg4 Qd8 21. Nd4 Ne5 22. Ne6 Bxe6 23. Bxe5 Bxe5 24. Rxe5 Nf5 25. Qd3 Qf6 26. Rae1 Ne3 27. Rxe6 Rxe6 {Arauz Alonso,F (2199)-Szpar,M (2477) chess.com INT 2024 0-1 (45)}) 13... Bb8 14. Ba3 Re8 15. Ng5 Bxe2 16. Nf7+ Kg8 17. Qxe2 Qd7 18. Nfd6 Nxd4 19. Nxd4 Bxd6 20. Bxd6 Qxd6 21. Nb5 Qd7 22. Qxe6+ Qxe6 23. Rxe6 Nf5 24. cxd5 a6 25. Nc7 Rxe6 26. dxe6 Rc8 27. Rd1 Ne7 28. Rd7 Kf8 29. g3 b5 30. Nxa6 Rc1+ 31. Kg2 g5 32. Nc7 Rc2 33. Nxb5 Rxa2 34. Nc3 Ra6 35. Rd8+ Kg7 36. Re8 Ng6 37. Nd5 Rd6 38. e7 Rxd5 39. Rg8+ Kxg8 40. e8=Q+ Kg7 41. b4 Re5 42. Qc6 Ne7 43. Qd7 Kf7 44. b5 Rd5 45. Qb7 Ke6 46. b6 Rc5 47. Qe4+ Kd6 48. b7 Nc6 49. Qxc6+ Rxc6 50. b8=Q+ Kd5 51. Qb7 h6 52. Qh7 Ke6 53. Qxh6 Rc5 54. Qh8 Kf7 55. Qh7+ Ke6 56. Qg6 Ke7 57. h4 gxh4 58. gxh4 Re5 59. f4 Re6 60. h5 f5 61. Qg7+ Kd6 62. h6 1-0

[Event "Chessable Masters Play-In"]
[Site "chess.com INT"]
[Date "2025.02.17"]
[Round "6"]
[White "Narayanan, Sri"]
[Black "Kourkoulos Arditis, Stamatis"]
[Result "1-0"]
[WhiteElo "2516"]
[BlackElo "2580"]
[PlyCount "114"]
[EventDate "2025.02.17"]

1. Nf3 {ChessBase II} d5 2. e3 Nf6 3. c4 e6 4. b3 b6 5. Bb2 Bb7 6. Nc3 ({RR} 6. cxd5 exd5 7. Nc3 Nbd7 8. d4 a6 9. Bd3 Bd6 10. O-O O-O 11. Rc1 Ne4 12. Rc2 Qe7 13. Qc1 Ndf6 14. Ne2 c5 15. Ng3 Nxg3 16. hxg3 Ne4 17. dxc5 bxc5 18. Bxe4 dxe4 19. Nd2 Rad8 20. Nc4 Bc7) 6... a6 7. Rc1 ({RR} 7. cxd5 exd5 8. d4 Bd6 9. g3 O-O 10. Bg2 Nbd7 11. O-O Qe7 ({RR} 11... Re8 12. Rc1 Ne4 13. Rc2 Ndf6 14. Qc1 Ng4 15. Ba3 Rc8 16. Na4 a5 17. h3 Ngf6 18. Rd1 Bb4 19. Ne5 c5 20. Bb2 c4 21. bxc4 dxc4 22. Nxc4 b5 23. Nc5 bxc4 24. Nxb7 Qe7 25. Nc5 c3 26. Ba1) 12. a4 Ne4 13. Ne2 a5 14. Nf4 Rac8 15. Re1 Bb4 16. Re2 Nc3 17. Bxc3 Bxc3 18. Rc1 Bb4 19. Rec2 c6 20. Nd3 Bd6 21. Qd2 g6 {Karjakin,S (2785)-So,W (2808) Wijk aan Zee 2017 CBM 177 [ChessBase II] ½-½}) 7... Bd6 ({RR} 7... Nbd7 8. cxd5 exd5 9. Ne2 Bd6 10. Ned4 g6 11. Nc6 Qc8 12. Be2 O-O 13. O-O Re8 14. Nfd4 Ne5 15. f4 Nxc6 16. Nxc6 Ne4 17. Bg4 f5 18. Bf3 Nc5 19. Ne5 Qe6 20. b4 Ne4 21. d3 Nf6 22. Bd4 {Nihal,S (2687)-Kourkoulos Arditis,S (2580) chess.com INT 2025 1-0 (37)}) 8. cxd5 ({RR} 8. d4 O-O 9. cxd5 exd5 10. Bd3 Nbd7 11. O-O Qe7 12. Ne2 Ne4 13. Nf4 g6 14. g3 Bxf4 15. exf4 Qe6 16. Rxc7 Bc6 17. Qc2 Rfc8 18. Rxc8+ Rxc8 19. Rc1 Bb7 20. Qe2 Rxc1+ 21. Bxc1 Qc6 22. Bb2 b5 {Stepanencu,N (2297)-Kvaloy,A (2489) chess.com INT 2025 0-1 (59)}) 8... exd5 9. g3 $146 ({RR} 9. d4 O-O 10. g3 Nbd7 11. Bg2 Re8 12. O-O c6 13. Qc2 Rc8 14. Rfd1 Nf8 15. Qb1 Ne6 16. Qa1 a5 17. Ne5 Ba6 18. e4 Bb7 19. f4 Bb4 20. exd5 cxd5 21. Ne2 Ne4 22. Bxe4 dxe4 23. d5 Rxc1 {Pultinevicius,P (2510)-Zhigalko,S (2572) Chess.com INT 2020 1-0 (49)}) ({RR} 9. Ne2 Nbd7 10. Ng3 g6 11. Be2 Qe7 12. Rc2 h5 13. Qa1 h4 14. Nf1 h3 15. g3 O-O-O 16. d3 Kb8 17. N1d2 Rhe8 18. a4 Ng4 19. Nf1 Bb4+ 20. Bc3 f5 21. Bxb4 Qxb4+ 22. Qc3 Qxc3+ 23. Rxc3 d4 {Fus,J (2458)-Kazakouski,V (2558) chess.com INT 2023 0-1 (44)}) 9... d4 10. Nb1 dxe3 11. fxe3 O-O 12. Bg2 Nbd7 13. O-O Re8 14. Qe2 c5 15. a4 Bf8 16. Na3 h6 17. Nc4 b5 18. Nce5 Nxe5 19. Nxe5 Bxg2 20. Qxg2 Qb6 21. Qf3 Rad8 22. axb5 axb5 23. d4 cxd4 24. Rc6 Qb8 25. exd4 Qa7 26. Kh1 Rd6 27. d5 Rxd5 28. Rxf6 gxf6 29. Qxd5 fxe5 30. Qxb5 Qa8+ 31. Kg1 Re6 32. Qc4 Qa7+ 33. Kg2 Qb7+ 34. Kh3 Bg7 35. Rd1 Rg6 36. Rd8+ Kh7 37. Qd5 Qe7 38. Rd7 Qg5 39. Qxf7 Qg4+ 40. Kg2 Rf6 41. Qxg7+ Qxg7 42. Rxg7+ Kxg7 43. Bxe5 Kf7 44. Bxf6 Kxf6 45. Kf3 Kf5 46. b4 Ke5 47. Kg4 Kd5 48. Kh5 Kc4 49. Kxh6 Kb5 50. g4 Kc4 51. g5 Kb5 52. g6 Ka4 53. g7 Kb5 54. g8=Q Ka4 55. Qf8 Kb5 56. Qc5+ Ka4 57. b5 Kb3 1-0

[Event "Chessable Masters Play-In"]
[Site "chess.com INT"]
[Date "2025.02.17"]
[Round "7"]
[White "Svidler, P."]
[Black "Volokitin, And"]
[Result "1-0"]
[WhiteElo "2696"]
[BlackElo "2643"]
[PlyCount "71"]
[EventDate "2025.02.17"]

1. Nf3 Nf6 2. g3 d5 3. Bg2 c6 4. O-O Bf5 5. d3 e6 6. c4 Nbd7 7. cxd5 exd5 8. Nc3 Be7 9. Nd4 Bg6 10. e4 O-O 11. h3 Nc5 12. Re1 dxe4 13. dxe4 Qb6 14. Nf5 Bxf5 15. exf5 Rad8 16. Qc2 Qc7 $146 ({RR} 16... Rfe8 17. Be3 Qb4 18. Rad1 Rxd1 19. Rxd1 Rd8 20. Rxd8+ Bxd8 21. a3 Qb3 22. Qxb3 Nxb3 23. Bxa7 Nd7 24. Ne4 Bc7 25. Bf3 Be5 26. Bd1 Bd4 27. Bxb3 Bxa7 28. Nd6 Ne5 29. Kg2 Kf8 30. Nxb7 Nd3 31. Na5 {Sviridov,V (2562)-Tristan,L (2561) Chess.com INT 2022 1-0 (48)}) ({RR} 16... Rfe8 17. Be3 Qb4 18. Rad1 Rxd1 19. Rxd1 Rd8 20. Rxd8+ Bxd8 21. a3 Qb3 22. Qxb3 Nxb3 23. Bxa7 Nd7 24. Ne4 Bc7 25. Bf3 Be5 26. Bd1 Bd4 27. Bxb3 Bxa7 28. Nd6 Ne5 29. Kg2 Kf8 30. Nxb7 Nd3 31. Na5 {Sviridov,V (2562)-Tristan,L (2561) Chess.com INT 2022 1-0 (48)}) 17. Be3 Nd3 18. Red1 Nb4 19. Qb3 c5 20. Nb5 Qc8 21. Nxa7 Qxf5 22. g4 Qg6 23. Rxd8 Rxd8 24. Rd1 Rxd1+ 25. Qxd1 h5 26. Nc8 Bf8 27. Qd8 Qb1+ 28. Kh2 hxg4 29. Ne7+ Kh7 30. Qxf8 Qxb2 31. Qxf7 Qe5+ 32. Kg1 Qa1+ 33. Bf1 gxh3 34. Qg6+ Kh8 35. Qg3 Nc2 36. Qxh3+ 1-0

[Event "Chessable Masters Play-In"]
[Site "chess.com INT"]
[Date "2025.02.17"]
[Round "7"]
[White "Aryan, C."]
[Black "Zhu, Jiner"]
[Result "1-0"]
[WhiteElo "2620"]
[BlackElo "2514"]
[PlyCount "127"]
[EventDate "2025.02.17"]

1. Nf3 Nf6 2. g3 g6 3. b4 Bg7 4. Bb2 d5 5. Bg2 O-O 6. O-O a5 7. b5 c5 8. bxc6 bxc6 ({RR} 8... Nxc6 9. e3 b5 10. d3 Ba6 11. Nbd2 b4 12. a3 Qd6 13. axb4 axb4 14. Nb3 e5 15. Re1 Nd7 16. Nfd2 Bb5 17. f4 Nb6 18. Nf3 f6 19. Qd2 Na4 20. Rab1 Nxb2 21. Rxb2 exf4 22. gxf4 Rfe8 23. Nbd4 {Svane,F (2600)-Bacrot,E (2667) chess.com INT 2023 1-0 (37)}) ({RR} 8... Nxc6 9. a4 Re8 10. Na3 Ne4 11. Bxg7 Kxg7 12. d3 Nc3 13. Qd2 d4 14. Nb5 Nxb5 15. axb5 Nb4 16. c3 dxc3 17. Qxc3+ f6 18. Nd2 Nd5 19. Qb2 Be6 20. Nb3 Bf7 21. Rfc1 e5 22. h4 b6 23. Nd2 {Daaevik Wadhawan (2324)-Gerbelli Neto,E (2114) chess.com INT 2024 1-0 (45)}) 9. d3 Nbd7 10. Nbd2 Re8 $146 ({RR} 10... Rb8 11. Ba3 Ne8 12. Rb1 Nd6 13. c4 Ba6 14. Bxd6 exd6 15. Qa4 Qc7 16. cxd5 cxd5 17. Rbc1 Nc5 18. Qh4 Qd8 19. Rc2 Bf6 20. Qf4 Re8 21. Nb3 Nxb3 22. axb3 Rb4 23. Qd2 Rxb3 24. Rfc1 a4 25. Rc6 {Marn,J (2346)-Vazquez,F (2200) Chess.com INT 2021 0-1}) ({RR} 10... Rb8 11. Ba3 Ne8 12. Rb1 Nd6 13. c4 Ba6 14. Bxd6 exd6 15. Qa4 Qc7 16. cxd5 cxd5 17. Rbc1 Nc5 18. Qh4 Qd8 19. Rc2 Bf6 20. Qf4 Re8 21. Nb3 Nxb3 22. axb3 Rb4 23. Qd2 Rxb3 24. Rfc1 a4 25. Rc6 {Marn,J (2346)-Vazquez,F (2200) Chess.com INT 2021 0-1}) 11. e4 e5 12. Re1 d4 13. Ba3 Ba6 14. Rb1 Bf8 15. Bxf8 Kxf8 16. Ng5 h6 17. Nh3 Nc5 18. f4 Bc8 19. fxe5 Ng4 20. Nc4 Nxe5 21. Nxe5 Rxe5 22. Rf1 Bxh3 23. Bxh3 Kg7 24. Qd2 Qg5 25. Qf2 Qe7 26. Qxd4 Rd8 27. Qa1 Kg8 28. d4 Rxe4 29. dxc5 Qxc5+ 30. Rf2 Re2 31. Qf6 Qxf2+ 32. Qxf2 Rxf2 33. Kxf2 Rd2+ 34. Kg1 Rxc2 35. Ra1 Kg7 36. a4 f5 37. Bf1 Kf6 38. Re1 Ra2 39. Rc1 Rxa4 40. Rxc6+ Kg7 41. Ra6 Ra1 42. Kf2 a4 43. h4 Ra2+ 44. Ke3 Ra3+ 45. Bd3 Ra1 46. Bc4 Ra3+ 47. Kf2 g5 48. h5 f4 49. gxf4 gxf4 50. Be2 Kh7 51. Ra7+ Kh8 52. Rf7 Rh3 53. Rxf4 a3 54. Ra4 Kg7 55. Bf3 Rh2+ 56. Kg3 Ra2 57. Ra7+ Kf8 58. Kf4 Ra1 59. Bd5 Rf1+ 60. Ke5 Rg1 61. Rxa3 Rg5+ 62. Kf6 Ke8 63. Be6 Kd8 64. Rc3 1-0